| 000 | 00440cam a2200181ua 4500 | ||
|---|---|---|---|
| 020 | _c1.50 | ||
| 041 |
_amal _h |
||
| 082 |
_a894.812301 _bKUT/KA |
||
| 100 | _aKuttikrishnan, P C . | ||
| 245 |
_aKathirkatta / _cP C Kuttikrishnan. _hTextual Documents |
||
| 250 |
_a3 / _b. |
||
| 260 |
_aThrissur : _bMangalodhayam pvt ltd , _c1961. |
||
| 300 | _a110 ; . | ||
| 365 | _a1.50 | ||
| 504 | _a | ||
| 942 | _cBK | ||
| 999 |
_c12584 _d12584 |
||